000 00286nam a2200109Ia 4500
008 220120s9999||||xx |||||||||||||| ||und||
100 _aRamachandra H.D
_911809
245 0 _aMechatronics and microprocessors
260 _aSudha publication
_c2015
300 _b115
650 _aMECHANICHAL
999 _c137286
_d137286